000 00683nam a22002297a 4500
003 UA-OsUOA
001 100804
007 ta
008 20130530b un ||||| |||| 00| 0 ukr d
100 _aЦіолковський К.
090 _a821.161.2
_bЦ66
942 _cBK
040 _aUA-OsUOA
_bukr
_cUA-OsUOA
_dUA-OsUOA
245 _aМрії про землю і небо. На Весті
_bнауково-фантастичні твори
300 _a94 с.
955 _a3
041 _aukr
080 _a821.161.2
260 _aК.
_bРадянська школа
_c1971
650 7 _a82 Література. Літературознавство
_2UDC
999 _c387199
_d387199